10 Biggest cities in Lithuania - Statistics

General Stats
  • This quiz has been taken 307 times
    298 since last reset
  • The average score is 6 of 10
Answer Stats
Population Cities % Correct
602 430 Vilnius
100%
304 210 Kaunas
93%
159 403 Klaipėda
80%
110 463 Šiauliai
59%
89 606 Panevėžys
57%
51 353 Alytus
49%
36 704 Marijampolė
48%
27 763 Utena
40%
33 377 Mažeikiai
29%
23 362 Kėdainiai
27%
No matching quizzes found
Score Distribution
Percent of People with Each Score
Percentile by Number Answered
Your Score History
You have not taken this quiz since the last reset